Correspondencia del doctor Nicolás León (Record no. 243)

MARC details
000 -CABECERA
campo de control de longitud fija 00908nam a2200217 a 4500
001 - NÚMERO DE CONTROL
campo de control BRCA_301
005 - FECHA Y HORA DE LA ÚLTIMA TRANSACCIÓN
campo de control 20190320202943.0
008 - DATOS DE LONGITUD FIJA--INFORMACIÓN GENERAL
campo de control de longitud fija 851125s1978 mx-#---###---f000-0aspa-#
040 ## - FUENTE DE LA CATALOGACIÓN
Centro catalogador/agencia de origen DLC
Centro/agencia transcriptor DLC
Centro/agencia modificador DLC
050 #4 - SIGNATURA TOPOGRÁFICA DE LA BIBLIOTECA DEL CONGRESO
Número de clasificación F1225
Número de documento/Ítem .L46 1978
100 1# - ENTRADA PRINCIPAL--NOMBRE DE PERSONA
Nombre de persona Quintana, José Miguel
9 (RLIN) 1011
245 10 - MENCIÓN DE TÍTULO
Título Correspondencia del doctor Nicolás León
Mención de responsabilidad, etc. José Miguel Quintana.
260 ## - PUBLICACIÓN, DISTRIBUCIÓN, ETC.
Lugar de publicación, distribución, etc. [México (Ciudad)
Nombre del editor, distribuidor, etc. Instituto de Investigaciones Bibliográficas,
Fecha de publicación, distribución, etc. 1978]
300 ## - DESCRIPCIÓN FÍSICA
Extensión p. 74-478
Dimensiones 23 cm.
500 ## - NOTA GENERAL
Nota general Sobretiro del Boletín del Instituto de Investigaciones Bibliográficas, número 14-15, 1977-1978.
600 14 - PUNTO DE ACCESO ADICIONAL DE MATERIA--NOMBRE DE PERSONA
Nombre de persona León, Nicolás
Fechas asociadas al nombre 1859-1929
Subdivisión general Correspondencia
9 (RLIN) 1012
650 14 - PUNTO DE ACCESO ADICIONAL DE MATERIA--TÉRMINO DE MATERIA
Término de materia o nombre geográfico como elemento de entrada Historiadores
Subdivisión general Correspondencia
Subdivisión geográfica México
9 (RLIN) 1013
650 14 - PUNTO DE ACCESO ADICIONAL DE MATERIA--TÉRMINO DE MATERIA
Término de materia o nombre geográfico como elemento de entrada Indigenistas
Subdivisión general Correspondencia
Subdivisión geográfica México
9 (RLIN) 1014
730 0# - PUNTO DE ACCESO ADICIONAL--TÍTULO UNIFORME
Título uniforme Boletín del Instituto de Investigaciones Bibliográficas
Número de parte o sección de la obra no. 14-15, 1977-1978 (Suplemento)
9 (RLIN) 1015
942 ## - ELEMENTOS DE PUNTO DE ACCESO ADICIONAL (KOHA)
Fuente del sistema de clasificación o colocación Library of Congress Classification
Tipo de ítem Koha Libros
Holdings
Estado de retiro Estado de pérdida Estado dañado No para préstamo Localización permanente Ubicación/localización actual Fecha de adquisición Total de préstamos Signatura topográfica completa Código de barras Fecha visto por última vez Precio válido a partir de Tipo de ítem Koha
El ejemplar forma parte de la colección y puede ser consultado según las políticas vigentes.       Biblioteca del Museo Franz Mayer (Rogerio Casas-Alatriste) Biblioteca del Museo Franz Mayer (Rogerio Casas-Alatriste) 25/06/2008   F1225 .L46 1978 00389 22/03/2019 22/03/2019 Libros